Statistical Yearbook of the Socialist Federal Republic of Yugoslavia 1989 Issue 36

Enregistré dans:
Détails bibliographiques
Format: Livre
Langue:anglais
Publié: Beograd Fedéral Statistical Office 1990
Édition:1. ed.
Tags: Ajouter un tag
Pas de tags, Soyez le premier à ajouter un tag!

MARC

LEADER 00000nam a2200000 4500
001 c023849
005 20221215114453.2
041 0 |a eng 
044 |a YU 
245 1 0 |a Statistical Yearbook of the Socialist Federal Republic of Yugoslavia 1989  |b Issue 36 
250 |a 1. ed. 
264 1 |a Beograd  |b Fedéral Statistical Office  |c 1990 
300 |a 208 s.